[Event "Bergisch Gladbach-ch"]
[Site "Bergisch Gladbach"]
[Date "1995.09.29"]
[Round "6"]
[White "Lutterbeck, Uwe"]
[Black "Lobbes, Frank"]
[Result "1/2-1/2"]
[WhiteElo "1980"]
[BlackElo "1607"]
[PlyCount "70"]
[EventDate "1995.08.??"]
[EventType "swiss"]
[EventRounds "7"]
[EventCountry "GER"]
[SourceTitle "EXT 2005"]
[Source "ChessBase"]
[SourceDate "2004.11.15"]
[SourceVersion "1"]
[SourceVersionDate "2004.11.15"]
[SourceQuality "1"]

1. c4 e6 2. Nc3 f5 3. g3 d5 4. cxd5 exd5 5. d4 Nf6 6. Bg2 c6 7. e3 Bd6 8. Nge2 0-0 9. 0-0 Na6 10. a3 Nc7 11. Qc2 Ne6 12. f3 Qe8 13. Bd2 Bd7 14. e4 fxe4 15. fxe4 dxe4 16. Nxe4 Nxe4 17. Rxf8+ Bxf8 18. Bxe4 Qh5 19. Qc4 Kh8 20. Rf1 Ng5 21. Nf4 Nh3+ 22. Nxh3 Bxh3 23. Qf7 g6 24. Bc3 Bg7 25. Qxb7 Rc8 26. Bg2 Bf5 27. Bxc6 Qg4 28. d5 Bd4+ 29. Bxd4+ Qxd4+ 30. Rf2 Bd7 31. Qb4 Qxb4 32. axb4 Bxc6 33. dxc6 Rxc6 34. Rf7 Rc1+ 35. Kg2 Rc2+ 1/2-1/2

[Event "Bergisch Gladbach-ch"]
[Site "Bergisch Gladbach"]
[Date "1995.09.01"]
[Round "2"]
[White "Bloemer, Guenter"]
[Black "Lobbes, Frank"]
[Result "1/2-1/2"]
[WhiteElo "1543"]
[BlackElo "1607"]
[PlyCount "68"]
[EventDate "1995.08.??"]
[EventType "swiss"]
[EventRounds "7"]
[EventCountry "GER"]
[SourceTitle "EXT 2005"]
[Source "ChessBase"]
[SourceDate "2004.11.15"]
[SourceVersion "1"]
[SourceVersionDate "2004.11.15"]
[SourceQuality "1"]

1. d4 Nf6 2. c4 e6 3. Nc3 d5 4. Bg5 Be7 5. e3 Nbd7 6. Bd3 h6 7. Bh4 c6 8. a3 0-0 9. Nf3 a5 10. Rc1 Re8 11. Bg3 Nh5 12. cxd5 exd5 13. Nxd5 Nxg3 14. Nxe7+ Qxe7 15. hxg3 Nf6 16. Nh4 Ng4 17. Qf3 Nf6 18. Nf5 Bxf5 19. Bxf5 Rad8 20. Rc5 Rxd4 21. Rc3 Red8 22. 0-0 Rd2 23. Bc2 Qd6 24. g4 Qe5 25. Qf5 Qxf5 26. gxf5 Re2 27. b3 Ng4 28. Bd3 Rd2 29. Bc2 Ne5 30. Rc5 Kf8 31. Rxe5 Rxc2 32. Rxa5 Rc3 33. b4 b5 34. g4 Rd7 1/2-1/2